Mediation: does it have the future in Russia; Актуальные проблемы гуманитарных наук

Dettagli Bibliografici
Parent link:Актуальные проблемы гуманитарных наук.— 2011.— [С. 528-530]
Autore principale: Selezertseva Y. A.
Altri autori: Vakurina N. A. Natalia Anatolievna (научный руководитель)
Riassunto:Заглавие с титульного листа
Lingua:inglese
Pubblicazione: 2011
Serie:Современные коммуникативные практики: сущность, формы
Soggetti:
Accesso online:http://www.lib.tpu.ru/fulltext/c/2011/C20/235.pdf
Natura: MixedMaterials Elettronico Capitolo di libro
KOHA link:https://koha.lib.tpu.ru/cgi-bin/koha/opac-detail.pl?biblionumber=237648

MARC

LEADER 00000naa2a2200000 4500
001 237648
005 20260423150803.0
035 |a (RuTPU)RU\TPU\book\258823 
035 |a RU\TPU\book\258821 
090 |a 237648 
100 |a 20130516d2011 k y0rusy50 ba 
101 0 |a eng 
102 |a RU 
135 |a drnn ---uucaa 
200 1 |a Mediation: does it have the future in Russia  |f Y. A. Selezertseva  |g sci. adv. N. A. Vakurina 
203 |a Text  |c electronic 
215 |a 1 файл (156 Кб) 
225 1 |a Современные коммуникативные практики: сущность, формы 
300 |a Заглавие с титульного листа 
320 |a [Библиогр.: с. 530 (7 назв.)] 
337 |a Adobe Reader 
463 1 |0 (RuTPU)RU\TPU\book\256720  |t Актуальные проблемы гуманитарных наук  |o сборник научных трудов студентов, аспирантов и молодых ученых 21-22 апреля 2011 г., Томск  |f Национальный исследовательский Томский политехнический университет (ТПУ)   |v [С. 528-530]  |d 2011 
610 1 |a труды учёных ТПУ 
610 1 |a электронный ресурс 
700 1 |a Selezertseva  |b Y. A. 
702 1 |a Vakurina  |b N. A.  |c linguist  |c Senior Lecturer of Tomsk Polytechnic University  |g Natalia Anatolievna  |3 (RuTPU)RU\TPU\pers\30793  |4 727 
801 2 |a RU  |b 63413507  |c 20130617  |g RCR 
856 4 |u http://www.lib.tpu.ru/fulltext/c/2011/C20/235.pdf 
942 |c CF